000 00239 a2200085 4500
020 _a8170293774
082 _a005.265 SAl
245 _aProgramming in Microsoft Fortran 77 for IBM PC and Compatibles
260 _aNew Delhi
_bBPB Publication
_c1994
300 _a297p .
_c25 cm
999 _c156
_d156